000 00714cam a2200253 4500
001 ABS65533
008 020530n2002 000 0 eng u
035 _a(Sirsi) u118229
245 _aScandinavia
260 _c2002
490 _aProperty Week
_v67(20) 24 May 2002, 87-92(6)
590 _aABS
650 _aDENMARK
650 _aSWEDEN
650 _aNORWAY
650 _aFINLAND
650 _aSCANDINAVIA
650 _aPROPERTY-COMMERCIAL PROPERTY
650 _aINVESTMENT MARKET
650 _aPROPERTY-COMMERCIAL PROPERTY-RETAIL PROPERTY-RETAIL PROPERTY MARKET
650 _aPROPERTY-COMMERCIAL PROPERTY-OFFICE PROPERTY-OFFICE PROPERTY MARKET
690 _aINTERNATIONAL-EUROPE
942 _n0
999 _c70395
_d70395